[Event "AUTO-MASTER-3278"]
[Site "http://www.queenalice.com/game.php?id=1862082"]
[Date "2025.8.25"]
[Round "1"]
[White "tariann"]
[Black "johnew"]
[Result "1-0"]
[WhiteElo "2309"]
[BlackElo "2189"]

1. e4 c5 2. Nf3 Nc6 3. d4 cxd4 4. Nxd4 e5 5. Nb3 Nf6 6. Nc3 Bb4 7. Bd3 O-O 8.
Bd2 d5 9. exd5 Nxd5 10. Nxd5 Qxd5 11. O-O Rd8 12. Re1 Bxd2 13. Qxd2 g6 14. Rad1
Be6 15. Qe3 Qd6 16. h3 Qc7 17. Nc5 Qe7 18. Ne4 a6 19. a3 f6 20. Qc5 Qf7 21. Nd6
Qc7 22. Bc4 Bxc4 23. Qxc4+ Kg7 24. Ne4 Qe7 25. Qc5 Qxc5 26. Nxc5 Rxd1 27. Rxd1
Na5 28. Rd7+ Kh6 29. b4 Nc4 30. a4 b6 31. Ne4 f5 32. Nf6 Kg5 33. Nxh7+ Kf4 34.
g3+ 1-0

[Event "AUTO-MASTER-3278"]
[Site "http://www.queenalice.com/game.php?id=1862083"]
[Date "2025.8.25"]
[Round "1"]
[White "johnew"]
[Black "tariann"]
[Result "1/2-1/2"]
[WhiteElo "2185"]
[BlackElo "2306"]

1. e4 e5 2. Nf3 Nc6 3. Bb5 Nf6 4. Qe2 d6 5. c3 Be7 6. d3 O-O 7. O-O h6 8. Nbd2
Re8 9. Rd1 Bf8 10. Nf1 Bg4 11. Ne3 Be7 12. h3 Bh5 13. Nf1 Bf8 14. Ng3 Bg6 15.
Nh4 Nxe4 16. Nxg6 Nxg3 17. fxg3 fxg6 18. Bxc6 bxc6 19. Qe4 d5 20. Qxg6 Bc5+ 21.
Kh2 Qd6 22. Qxd6 cxd6 23. b4 Bb6 24. a4 e4 25. d4 a5 26. Be3 Red8 27. Bg1 Rac8
28. Rab1 g5 29. Be3 Rf8 30. Rf1 Rf7 31. Rxf7 Kxf7 32. g4 Ke7 33. Rf1 Rf8 34.
Rxf8 Kxf8 35. h4 Kf7 36. hxg5 hxg5 37. g3 Kg6 38. Kg2 Kf6 1/2-1/2

[Event "AUTO-OPEN-4615"]
[Site "http://www.queenalice.com/game.php?id=1863175"]
[Date "2025.9.19"]
[Round "1"]
[White "tariann"]
[Black "jpribeiro"]
[Result "1-0"]
[WhiteElo "2304"]
[BlackElo "1670"]

1. e4 c5 2. Nf3 d6 3. d4 cxd4 4. Nxd4 Nf6 5. Nc3 a6 6. Bc4 b5 7. Bd5 Nxd5 8.
Nxd5 e6 9. Nc3 b4 10. Nce2 Bb7 11. Ng3 Be7 12. O-O Nc6 13. Be3 Nxd4 14. Qxd4 1-0

[Event "AUTO-OPEN-4615"]
[Site "http://www.queenalice.com/game.php?id=1863208"]
[Date "2025.9.19"]
[Round "1"]
[White "Givanildo"]
[Black "tariann"]
[Result "0-1"]
[WhiteElo "1466"]
[BlackElo "2316"]

1. d4 d5 2. Bf4 Nf6 3. h3 e6 4. e3 c5 5. Bb5+ Nc6 6. Ne2 Bd6 7. O-O O-O 8. Bxd6
Qxd6 9. Nf4 cxd4 10. Bxc6 Qxc6 11. Qxd4 Qxc2 12. Na3 Qe4 13. Qxe4 Nxe4 14. Nc2
Bd7 15. b3 Rac8 16. Na3 Rc7 17. Nh5 Rfc8 18. Rad1 b5 19. b4 Rc3 0-1

[Event "AUTO-OPEN-4615"]
[Site "http://www.queenalice.com/game.php?id=1863209"]
[Date "2025.9.19"]
[Round "1"]
[White "tariann"]
[Black "Givanildo"]
[Result "1-0"]
[WhiteElo "2315"]
[BlackElo "1468"]

1. e4 d5 2. exd5 Qxd5 3. Nc3 Qe5+ 4. Qe2 Nc6 5. Nf3 Qxe2+ 6. Bxe2 Bd7 7. a3
O-O-O 8. d4 e6 9. O-O Nh6 10. Bf4 Nf5 11. Rad1 h6 12. Nb5 e5 13. dxe5 a6 14.
Nxc7 g5 15. e6 fxe6 16. Nxa6 1-0

[Event "AUTO-ELITE-2595"]
[Site "http://www.queenalice.com/game.php?id=1863436"]
[Date "2025.9.27"]
[Round "1"]
[White "tariann"]
[Black "WoodpusherKid"]
[Result "0-1"]
[WhiteElo "2315"]
[BlackElo "2519"]

1. e4 e5 2. Nf3 Nc6 3. Bb5 Nf6 4. Bxc6 dxc6 5. O-O Nxe4 6. Re1 Nd6 7. Nxe5 Be7
8. d4 O-O 9. Nc3 Re8 10. Qf3 Be6 11. Bd2 Bf8 12. d5 cxd5 13. Nxd5 f6 14. Ng4 f5
15. Nge3 Ne4 16. Bb4 Bxd5 17. Bxf8 Rxf8 18. Rad1 c6 19. c4 Nc3 20. Nxd5 Nxd1 21.
Ne7+ Kh8 22. Qxd1 Qxd1 23. Rxd1 Rae8 0-1

[Event "AUTO-ELITE-2595"]
[Site "http://www.queenalice.com/game.php?id=1863437"]
[Date "2025.9.27"]
[Round "1"]
[White "WoodpusherKid"]
[Black "tariann"]
[Result "1/2-1/2"]
[WhiteElo "2524"]
[BlackElo "2309"]

1. c4 e5 2. g3 Nf6 3. Bg2 d5 4. cxd5 Nxd5 5. Nf3 Nc6 6. O-O e4 7. Ne1 Bf5 8. f3
Bc5+ 9. d4 exd3+ 10. Kh1 dxe2 11. Qxe2+ Qe7 12. Qxe7+ Ndxe7 13. g4 Be6 14. Nd3
Bb6 15. Nf4 Bc4 16. Rd1 O-O 17. Nc3 Rad8 18. Re1 Ba5 19. Be3 Bxc3 20. bxc3 Nd5
21. Nxd5 Rxd5 22. f4 Rd7 23. Bxc6 bxc6 24. Bxa7 Rd2 25. Kg1 h6 26. Be3 Rxa2 27.
Rxa2 Bxa2 28. Bd4 Bd5 29. Kf2 Ra8 30. h4 Ra2+ 31. Re2 Rxe2+ 32. Kxe2 g6 33. Bf6
Be6 34. Kf3 Bd5+ 35. Ke3 Be6 36. g5 hxg5 37. hxg5 Kf8 38. Ke4 Ke8 39. Ke5 Kd7
1/2-1/2